|
|
|
|
| LEADER |
00000nab a2200000uu 4500 |
| 001 |
vtls010889229 |
| 003 |
SK-MaSNL |
| 005 |
20260303110013.0 |
| 008 |
230121|1967 xo |||||||||||||||||slo| |
| 015 |
|
|
|a SNBRB
|
| 035 |
|
|
|a (urnnbn)urn:nbn:sk:snk:ar-004wi6
|
| 035 |
|
|
|a (uuid)5331ccef-c312-4c49-b19f-58b57e24cb04
|
| 035 |
|
|
|a urn:nbn:sk:snk-ab8jjq
|
| 040 |
|
|
|a SNKBUCL
|b slo
|c SNKBUCL
|e AACR2
|
| 041 |
0 |
|
|a slo
|
| 044 |
|
|
|a xo
|c SK
|
| 100 |
1 |
|
|a F. B.
|4 aut
|9 554909
|
| 245 |
1 |
0 |
|a LITERÁRNY ARCHÍV 1966. PRAMENE A DOKUMENTY.
|c F. B.
|
| 773 |
0 |
|
|t Historický časopis
|g Roč. 15, č. 4 (1967), s. 627-628
|
| 954 |
|
|
|a odborná, vedecká literatúra pôvodná (slovenská)
|2 lita
|
| 958 |
|
|
|a OND
|
| 958 |
|
|
|a EUIPO
|
| 958 |
|
|
|a article10
|
| 999 |
|
|
|c 1867331
|d 1869261
|